Guess all Soviet generals in world conqueror 4 - Statistics

General Stats
  • This quiz has been taken 48 times
  • The average score is 12 of 24
Answer Stats
Hint Answer % Correct
Artillery Zhukov
94%
Artillery Konev
76%
Tank Rokossovsky
73%
Arty/Tank hybrid chuikov
67%
Tank Vatutin
64%
Artillery Govorov
58%
Navy Kuznetsov
58%
Infantry Malinovsky
58%
Tank Timoshenko
58%
Infantry Meretskov
55%
Tank Katukov
52%
Infantry Vasilevsky
52%
Artillery Voronov
48%
Airforce novikov
45%
Inf/Tank Bagramyan
42%
Navy isakov
39%
Tank Pavlov
39%
Artillery Sokolovsky
39%
Infantry Voroshilov
39%
Artillery Yeryomenko
39%
Infantry vasily
36%
Infantry Shaposhnikov
30%
Tank Tolbukhin
24%
Tank Chernyakhovsky
15%
No matching quizzes found
Score Distribution
Percent of People with Each Score
Percentile by Number Answered
Your Score History
You have not taken this quiz